• 首页
  • 本馆介绍
  • 公告通知
  • 最新文献
  • 馆藏检索
  • 电子资源
  • 读者导购
  • 参考咨询
  • 我的图书馆
  • 登录
  • 详细信息显示
  • 放入我的书架
  • 预约/预借图书
  • 作者相关作品
  • 分类相关作品
  • 丛书相关作品
  • 出版社相关作品

书目信息

  • 表格格式
  • 工作单格式
  • 卡片格式
题名:
儿童语言发展与干预
    
 
作者: 张笛, , 陈淑珍, 著
分册:  
出版信息: 北京   中央编译出版社  2021.06
页数: 241页
开本: 24cm
丛书名:
单 册:
中图分类: H003
科图分类:
主题词: 儿童语言--er tong yu yan--语言能力--研究
电子资源:
ISBN: 978-7-5117-3766-3
000 01462nam0 2200277 450
001 CAL 0120217196710
005 20230217093112.0
010    @a978-7-5117-3766-3@dCNY76.00
100    @a20210628d2021 em y0chiy0120 ea
101 0  @achi
102    @aCN@b110000
105    @aa a 000yy
106    @ar
200 1  @a儿童语言发展与干预@Aer tong yu yan fa zhan yu gan yu@f张笛, 陈淑珍著
210    @a北京@c中央编译出版社@d2021.06
215    @a241页@c图@d24cm
300    @a田家炳基金“汉语自闭症儿童非字面语言的认知、教导与干预研究及推广计划”资助 山东省社会科学规划研究项目资助 山东省高等学校青创科技计划“多语种语言文化翻译与研究创新团队”资助
314    @a张笛, 临沂大学教授, 博士, 博导。陈淑珍, 临沂大学讲师, 硕士。
320    @a有书目 (第208-230页)
330    @a本专著基于“汉语儿童多模态口语语料库”, 综合使用纵横两种研究方法, 在认知理论框架下, 研究汉语典型发展儿童多个语言项的获得情况和自闭症儿童非字面语言的识别情况, 主要包括言语行为策略、句末语气词、心理情绪与态度、选择性信任、词汇发展、语言发展倾向、位移动词、心理动词、反语和自闭症儿童非字面语言的干预策略等内容。希望尽可能全面地对儿童母语的获得情况和认知状况进行解释, 从而找出语言获得的机制和动因, 从而指导典型发展儿童的语言教学和特殊障碍儿童的语言干预。
606 0  @a儿童语言@Aer tong yu yan@x语言能力@x研究
690    @aH003@v5
701  0 @a张笛,@Azhang di@f1979-@4著
701  0 @a陈淑珍,@Achen shu zhen@f1982-@4著
801  0 @aCN@bBJXHZP@c20230228
905    @b1381948-51@dH003@e313@f4
    
    儿童语言发展与干预/张笛, 陈淑珍著.-北京:中央编译出版社,2021.06
    241页:图;24cm
    田家炳基金“汉语自闭症儿童非字面语言的认知、教导与干预研究及推广计划”资助 山东省社会科学规划研究项目资助 山东省高等学校青创科技计划“多语种语言文化翻译与研究创新团队”资助
    
    ISBN 978-7-5117-3766-3:CNY76.00
    本专著基于“汉语儿童多模态口语语料库”, 综合使用纵横两种研究方法, 在认知理论框架下, 研究汉语典型发展儿童多个语言项的获得情况和自闭症儿童非字面语言的识别情况, 主要包括言语行为策略、句末语气词、心理情绪与态度、选择性信任、词汇发展、语言发展倾向、位移动词、心理动词、反语和自闭症儿童非字面语言的干预策略等内容。希望尽可能全面地对儿童母语的获得情况和认知状况进行解释, 从而找出语言获得的机制和动因, 从而指导典型发展儿童的语言教学和特殊障碍儿童的语言干预。
●
相关链接 在E读中查询图书 在五车中查询图书 在当当中查询图书 在豆瓣中查询图书


正题名:儿童语言发展与干预     索取号:H003/313         预约/预借

序号 登录号 条形码 馆藏地/架位号 状态 备注
1 1381948   213819484   第二样本阅览室/ [索取号:H003/313] 在馆    
2 1381949   213819493   第四借阅区/ [索取号:H003/313] 在馆    
3 1381950   213819509   第四借阅区/ [索取号:H003/313] 在馆    
4 1381951   213819518   第四借阅区/ [索取号:H003/313] 在馆    
唐山师范学院图书馆 欢迎您!
大连网信软件有限公司© 版权所有